| 000 | 00756nam a2200253 a 4500 | ||
|---|---|---|---|
| 999 |
_c7639 _d7639 |
||
| 001 | 9033 | ||
| 003 | BD-DhUAP | ||
| 005 | 20210127155416.0 | ||
| 008 | 201117s2001 ii a 001 0 eng d | ||
| 020 | _a3010008924 | ||
| 020 | _a8175341538 | ||
| 040 |
_aBD-DhUAP _beng _cBD-DhUAP _dBD-DhUAP |
||
| 082 | 0 | 0 |
_a340 HAR _223 |
| 100 | _aHarris, Brian. | ||
| 245 |
_aThe legal literature of the law / _cBrian Harris. |
||
| 250 | _a8th ed. | ||
| 260 |
_aIndia : _bUniversal, _cc1998 [Reprinted 2003]. |
||
| 300 |
_axviii, 340 pages : _billustrations ; _c22 cm. |
||
| 500 | _aFor students of B. Sc., M. Sc., and also useful for competitive examinations. | ||
| 504 | _aIncludes index. | ||
| 650 | _aLaw and literature. | ||
| 942 |
_2ddc _cBK |
||